000
00348nam a2200145Ia 4500
008
240624s9999 xx 000 0 und d
041
_a
eng
082
_a
368.30122 TIL
100
_a
TILLER JOHN E
245
_a
LIFE HEALTH AND ANNUITY REINSURANCE
250
_a
(3rd ed.)
260
_c
2005
_a
Winsted
_b
Actex
300
_a
649 : p.
365
_c
_b
7
999
_c
19130
_d
19130